Countries That Have Beaten Germany At FIFA World Cup - Statistics

General Stats
  • This quiz has been taken 47 times
  • The average score is 14 of 19
Answer Stats
Year Scores Country % Correct
1986 2 - 3 Argentina
95%
2002 0 - 2 Brazil
95%
1958 3 - 6 France
93%
1966 2 - 4 England
90%
2022 1 - 2 Japan
88%
1970 3 - 4 Italy
85%
1954 3 - 8 Hungary
83%
2018 0 - 2 South Korea
80%
1958 1 - 3 Sweden
80%
2018 0 - 1 Mexico
78%
1978 2 - 3 Austria
75%
1998 0 - 3 Croatia
65%
1934 1 - 3 Czechoslovakia
65%
1986 0 - 2 Denmark
65%
1994 1 - 2 Bulgaria
63%
1938 2 - 4 Switzerland
63%
1962 0 - 1 Yugoslavia
60%
2010 0 - 1 Serbia
50%
1974 0 - 1 East Germany
43%
No matching quizzes found
Score Distribution
Percent of People with Each Score
Percentile by Number Answered
Your Score History
You have not taken this quiz